2022-23 PGA Tour Winners - Statistics

General Stats
  • This quiz has been taken 77 times
    70 since last reset
  • The average score is 19 of 36
Answer Stats
Hint Score Answer % Correct
WM Phoenix Open -19 Scottie Scheffler
93%
The Players Championship -17 Scottie Scheffler
93%
Sentry Tournament of Champions -27 Jon Rahm
89%
The American Express -27 Jon Rahm
89%
Genesis Invitational -17 Jon Rahm
89%
Masters Tournament -12 Jon Rahm
89%
CJ Cup -17 Rory McIlroy
80%
PGA Championship -9 Brooks Koepka
73%
Wells Fargo Championship -19 Wyndham Clark
70%
US Open -10 Wyndham Clark
70%
Fortinet Championship -16 Max Homa
68%
Farmers Insurance Open -13 Max Homa
68%
RBC Heritage -17 Matt Fitzpatrick
64%
Rocket Mortgage Classic -24 Rickie Fowler
61%
Hero World Challenge -16 Viktor Hovland
61%
The Memorial Tournament -7 Viktor Hovland
61%
Shriners Children’s Open -24 Tom Kim
59%
AT&T Pebble Beach -18 Justin Rose
57%
Sony Open -18 Si Woo Kim
50%
ZOZO Championship -15 Keegan Bradley
48%
Travelers Championship -23 Keegan Bradley
48%
RBC Canadian Open -17 Nick Taylor
48%
Cadence Bank Houston Open -16 Tony Finau
48%
Mexico Open -24 Tony Finau
48%
AT&T Byron Nelson -23 Jason Day
43%
WGC-Dell Match Play Sam Burns
43%
Arnold Palmer Invitational -9 Kurt Kitayama
34%
Valero Texas Open -15 Corey Conners
32%
Valspar Championship -10 Taylor Moore
32%
Honda Classic -14 Chris Kirk
27%
Sanderson Farms Championship -17 Mackenzie Hughes
25%
Zurich Classic -30 Nick Hardy/Davis Riley
20%
Charles Schwab Challenge -8 Emiliano Grillo
16%
WWT Championship -23 Russell Henley
16%
Butterfield Bermuda Championship -19 Seamus Power
16%
RSM Classic -19 Adam Svensson
14%
No matching quizzes found
Score Distribution
Percent of People with Each Score
Percentile by Number Answered
Your Score History
You have not taken this quiz since the last reset